| 000 | 00901cab a2200265 4500 | ||
|---|---|---|---|
| 001 | ABS59565 | ||
| 008 | 090401t1998 xxu||||| |||| 00| 0 eng d | ||
| 035 | _a(Sirsi) u89146 | ||
| 041 | _aeng | ||
| 100 | _aPaice, Catherine | ||
| 245 | _aTerritorial expansion | ||
| 260 | _c1998 | ||
| 350 | _a0 | ||
| 490 |
_aEstates Gazette _v(9839) 26 September 1998, 198-199(2) |
||
| 520 | _aDetails findings of a new farmland performance index by Carter Jonas which shows that profits from arable land out performed both commercial and let land over the past five years. Graph. | ||
| 650 | _aPROPERTY-RURAL AND NATURAL ASSETS-AGRICULTURAL PROPERTY-AGRICULTURAL LAND-ARABLE LAND | ||
| 650 | _aASSET CLASSES | ||
| 650 | _aCARTER JONAS | ||
| 650 | _aFARMLAND PRICES | ||
| 650 | _aPERFORMANCE INDICES | ||
| 650 | _aPROPERTY RETURNS | ||
| 690 | _aRURAL PRACTICE | ||
| 942 | _n0 | ||
| 948 | _c21/10/1998 | ||
| 999 |
_c56372 _d56372 |
||